[Event "St Petersburg Korchnoi Memorial op"]
[Site "St Petersburg"]
[Date "2019.08.22"]
[Round "9"]
[White "Svidinsky, Dmitry"]
[Black "Geshko, Aleksey"]
[Result "1/2-1/2"]
[WhiteElo "2022"]
[BlackElo "2221"]
[PlyCount "89"]
[EventDate "2019.08.14"]
[EventType "swiss"]
[EventRounds "9"]
[EventCountry "RUS"]
[SourceTitle "CBM 192"]
[Source "ChessBase"]
[SourceDate "2019.10.31"]
[SourceVersion "1"]
[SourceVersionDate "2019.10.31"]
[SourceQuality "1"]

1. e4 c6 2. d4 d5 3. e5 Bf5 4. Nf3 e6 5. Be2 Nd7 6. 0-0 f6 7. exf6 Ngxf6 8. Bd3 Bd6 9. Bxf5 exf5 10. Qe2+ Ne4 11. Ne5 Nxe5 12. dxe5 Bc5 13. Nd2 0-0 14. c4 dxc4 15. Qxc4+ Qd5 16. Qxd5+ cxd5 17. Nb3 Bb6 18. Be3 Bxe3 19. fxe3 Rae8 20. Rac1 Rxe5 21. Rfd1 Nd6 22. Rc5 Rxe3 23. Rcxd5 Nc4 24. Rd7 Nxb2 25. Rb1 Nd3 26. Rd1 Nf4 27. Rxb7 Re2 28. Rd2 Rfe8 29. g3 Nh3+ 30. Kf1 Re1+ 31. Kg2 Ng5 32. Rxa7 R8e2+ 33. Rxe2 Rxe2+ 34. Kf1 Rxh2 35. Nd4 g6 36. a4 Rd2 37. Ne2 Ne4 38. a5 Rd3 39. a6 Ra3 40. Kg2 Nc5 41. Ra8+ Kg7 42. a7 Ne4 43. g4 fxg4 44. Re8 Rxa7 45. Rxe4 1/2-1/2

[Event "St Petersburg Korchnoi Memorial op"]
[Site "St Petersburg"]
[Date "2019.08.16"]
[Round "3"]
[White "Tushar, Anand"]
[Black "Geshko, Aleksey"]
[Result "1-0"]
[WhiteElo "1945"]
[BlackElo "2221"]
[PlyCount "61"]
[EventDate "2019.08.14"]
[EventType "swiss"]
[EventRounds "9"]
[EventCountry "RUS"]
[SourceTitle "CBM 192"]
[Source "ChessBase"]
[SourceDate "2019.10.31"]
[SourceVersion "1"]
[SourceVersionDate "2019.10.31"]
[SourceQuality "1"]

1. e4 c5 2. Nf3 e6 3. g3 Nc6 4. Bg2 d5 5. e5 f6 6. exf6 Nxf6 7. 0-0 Bd6 8. d4 0-0 9. c4 Ne4 10. Nc3 cxd4 11. Nxe4 dxe4 12. Nxd4 Bxg3 13. hxg3 Nxd4 14. Bxe4 e5 15. Be3 Qf6 16. Qh5 g6 17. Qh6 Rb8 18. Bd5+ Be6 19. Bxe6+ Qxe6 20. Bxd4 exd4 21. b3 Rf5 22. Rae1 Qf6 23. Qd2 Rf3 24. Re4 d3 25. Rfe1 Rf8 26. Re8 Rxe8 27. Rxe8+ Kf7 28. Re1 b6 29. Qh6 Qh8 30. Qh1 Rf5 31. Qb7+ 1-0

[Event "Voronezh op-A 23rd"]
[Site "Voronezh"]
[Date "2019.06.21"]
[Round "9"]
[White "Geshko, Aleksey"]
[Black "Cherednichenko, Dmitrij"]
[Result "1-0"]
[WhiteElo "2208"]
[BlackElo "2304"]
[PlyCount "119"]
[EventDate "2019.06.12"]
[EventType "swiss"]
[EventRounds "9"]
[EventCountry "RUS"]
[SourceTitle "EXT 2020"]
[Source "ChessBase"]
[SourceDate "2019.10.17"]
[SourceVersion "1"]
[SourceVersionDate "2019.10.17"]
[SourceQuality "1"]

1. d4 d5 2. c4 e6 3. Nf3 c6 4. Qc2 Nf6 5. g3 Be7 6. Bg2 0-0 7. Nbd2 Nbd7 8. 0-0 b6 9. e4 Nxe4 10. Nxe4 dxe4 11. Qxe4 Bb7 12. Rd1 Nf6 13. Qe2 Qc8 14. b3 Re8 15. Bb2 c5 16. Ne5 Bxg2 17. Kxg2 Qc7 18. f4 Rad8 19. Qf3 cxd4 20. Nc6 Rc8 21. Nxe7+ Rxe7 22. Rxd4 Nd7 23. Rad1 e5 24. Rd5 f6 25. Qg4 Nf8 26. fxe5 fxe5 27. Ba3 Rf7 28. Bd6 Qc6 29. Bxe5 Re8 30. Kg1 Qh6 31. Bf4 Qf6 32. Rd6 Qc3 33. R6d3 Qc2 34. R3d2 Qe4 35. Rf2 Ng6 36. Rdf1 Ne5 37. Bxe5 Qxg4 38. Rxf7 a5 39. Rxg7+ Qxg7 40. Bxg7 Kxg7 41. Kf2 Rd8 42. Ke2 Kg6 43. Rd1 Re8+ 44. Kf3 Rf8+ 45. Kg4 Rf6 46. Rd5 Rf2 47. Rd6+ Kg7 48. h4 Rxa2 49. Rxb6 a4 50. bxa4 Rxa4 51. Rc6 Ra3 52. Rc7+ Kg6 53. h5+ Kh6 54. Kh4 Ra1 55. Rc6+ Kg7 56. h6+ Kf7 57. Kg5 Rf1 58. Rc7+ Ke6 59. g4 Rc1 60. Rxh7 1-0

[Event "Voronezh op-A 23rd"]
[Site "Voronezh"]
[Date "2019.06.13"]
[Round "2"]
[White "Anikonov, Dmitry"]
[Black "Geshko, Aleksey"]
[Result "1-0"]
[WhiteElo "2372"]
[BlackElo "2208"]
[PlyCount "65"]
[EventDate "2019.06.12"]
[EventType "swiss"]
[EventRounds "9"]
[EventCountry "RUS"]
[SourceTitle "EXT 2020"]
[Source "ChessBase"]
[SourceDate "2019.10.17"]
[SourceVersion "1"]
[SourceVersionDate "2019.10.17"]
[SourceQuality "1"]

1. e4 c5 2. Be2 e6 3. f4 Nc6 4. Nf3 d5 5. d3 Nf6 6. e5 Nd7 7. c3 Be7 8. 0-0 f5 9. Na3 a6 10. Nc2 b5 11. d4 c4 12. g4 g6 13. Ne3 Nf8 14. Kh1 a5 15. Bd2 a4 16. Qc2 Kd7 17. gxf5 gxf5 18. b3 Kc7 19. bxc4 bxc4 20. Ng5 Bxg5 21. fxg5 Ng6 22. Rab1 a3 23. Rb5 Ba6 24. Rc5 Nf8 25. Bf3 Nd7 26. Nxd5+ exd5 27. Rxd5 Re8 28. Bf4 Re6 29. Qxf5 Qe8 30. Rd6 Rxd6 31. exd6+ Kb7 32. Rb1+ Nb6 33. Qxh7+ 1-0

[Event "Moscow Aeroflot op-B 18th"]
[Site "Moscow"]
[Date "2019.02.25"]
[Round "7"]
[White "Geshko, Aleksey"]
[Black "Ibadov, Dashgyn"]
[Result "0-1"]
[WhiteElo "2192"]
[BlackElo "2268"]
[PlyCount "120"]
[EventDate "2019.02.20"]
[EventType "swiss"]
[EventRounds "9"]
[EventCountry "RUS"]
[SourceTitle "CBM 189 Extra"]
[Source "ChessBase"]
[SourceDate "2019.06.03"]
[SourceVersion "1"]
[SourceVersionDate "2019.06.03"]
[SourceQuality "1"]

1. d4 Nf6 2. Bf4 e6 3. e3 c5 4. Nf3 Be7 5. Nbd2 0-0 6. h3 b6 7. c3 Bb7 8. Bd3 d6 9. 0-0 Nbd7 10. e4 cxd4 11. cxd4 e5 12. Be3 exd4 13. Bxd4 Nc5 14. Bxc5 dxc5 15. Qc2 g6 16. Rad1 Qc7 17. Rfe1 Rad8 18. a3 Nh5 19. e5 Nf4 20. Be4 Rd7 21. Qc4 Ne6 22. Bxb7 Qxb7 23. Ne4 Rfd8 24. Rxd7 Qxd7 25. Nf6+ Bxf6 26. exf6 Qd5 27. Qh4 Nd4 28. Qh6 Nf5 29. Qf4 h6 30. Re5 Qd1+ 31. Kh2 Qc2 32. Nh4 Qd2 33. Re8+ Kh7 34. Qc7 Qd6+ 35. Qxd6 Rxd6 36. Nxf5 gxf5 37. Re7 Kg6 38. Rxa7 Rd2 39. Rb7 Rxb2 40. a4 Rb4 41. Ra7 Kxf6 42. a5 Ke5 43. axb6 Rxb6 44. Rc7 Kd4 45. Kg3 c4 46. Kf3 c3 47. Rd7+ Kc4 48. Ke2 Rb2+ 49. Ke3 f4+ 50. Kf3 c2 51. Rc7+ Kd3 52. Rd7+ Kc3 53. Rc7+ Kd2 54. Rd7+ Kc1 55. Rxf7 Kb1 56. Rc7 c1Q 57. Rxc1+ Kxc1 58. g3 fxg3 59. fxg3 Rb4 60. g4 Kd2 0-1

[Event "Moscow Aeroflot op-B 18th"]
[Site "Moscow"]
[Date "2019.02.22"]
[Round "3"]
[White "Geshko, Aleksey"]
[Black "Zakaryan, David"]
[Result "0-1"]
[WhiteElo "2192"]
[BlackElo "2382"]
[PlyCount "172"]
[EventDate "2019.02.20"]
[EventType "swiss"]
[EventRounds "9"]
[EventCountry "RUS"]
[SourceTitle "CBM 189 Extra"]
[Source "ChessBase"]
[SourceDate "2019.06.03"]
[SourceVersion "1"]
[SourceVersionDate "2019.06.03"]
[SourceQuality "1"]

1. e4 e5 2. Nf3 Nc6 3. Bb5 a6 4. Ba4 Nf6 5. Bxc6 dxc6 6. d3 Bd6 7. 0-0 Nd7 8. Nbd2 Nc5 9. h3 f6 10. Re1 Ne6 11. Nc4 0-0 12. a4 a5 13. Be3 c5 14. c3 b6 15. Nxd6 Qxd6 16. d4 cxd4 17. cxd4 exd4 18. Nxd4 Nxd4 19. Qxd4 Qxd4 20. Bxd4 Be6 21. Be3 Rad8 22. Rec1 c5 23. Ra3 Rf7 24. Kf1 Kf8 25. g4 Rfd7 26. Ke2 Ke7 27. f3 Kd6 28. h4 Kc6 29. h5 Rd6 30. Rac3 Kb7 31. b3 R8d7 32. Ke1 Ka6 33. Ke2 Kb7 34. Ke1 Ka6 35. Ke2 Rd8 36. Ke1 g6 37. Ke2 gxh5 38. gxh5 f5 39. Rg1 fxe4 40. fxe4 Bf7 41. Rg5 Re8 42. Bxc5 bxc5 43. Rcxc5 Rxe4+ 44. Kf3 Rb4 45. Rxa5+ Kb6 46. Rab5+ Rxb5 47. Rxb5+ Kc6 48. Kg4 h6 49. Ra5 Kb7 50. Re5 Be6+ 51. Kf4 Rb6 52. Rc5 Rxb3 53. Ke5 Bd7 54. Kf6 Bxa4 55. Kg7 Rb6 56. Rf5 Be8 57. Rf6 Rb5 58. Kxh6 Rxh5+ 59. Kg7 Kc7 60. Rf2 Bc6 61. Rd2 Bd5 62. Kg6 Re5 63. Kf6 Kd6 64. Rd1 Re2 65. Rf1 Re8 66. Rd1 Rf8+ 67. Kg6 Rf2 68. Re1 Be6 69. Ra1 Bf5+ 70. Kg5 Be4 71. Ra5 Bd5 72. Kg4 Ke5 73. Kg3 Rg2+ 74. Kh3 Rg1 75. Kh2 Rg5 76. Ra4 Rg8 77. Ra5 Ke4 78. Ra3 Kf4 79. Ra4+ Be4 80. Ra7 Rh8+ 81. Kg1 Rg8+ 82. Kh2 Rg2+ 83. Kh3 Rb2 84. Ra4 Rb1 85. Ra2 Rb8 86. Kh2 Rh8+ 0-1

[Event "Moscow Aeroflot op-B 18th"]
[Site "Moscow"]
[Date "2019.02.21"]
[Round "2"]
[White "Davtyan, Artur"]
[Black "Geshko, Aleksey"]
[Result "1-0"]
[WhiteElo "2413"]
[BlackElo "2192"]
[PlyCount "85"]
[EventDate "2019.02.20"]
[EventType "swiss"]
[EventRounds "9"]
[EventCountry "RUS"]
[SourceTitle "CBM 189 Extra"]
[Source "ChessBase"]
[SourceDate "2019.06.03"]
[SourceVersion "1"]
[SourceVersionDate "2019.06.03"]
[SourceQuality "1"]

1. d4 d5 2. c4 c6 3. Nf3 Nf6 4. e3 e6 5. b3 Nbd7 6. Bd3 Ne4 7. 0-0 f5 8. Qc2 Bd6 9. Ba3 Qe7 10. Bxd6 Qxd6 11. Nc3 0-0 12. Bxe4 fxe4 13. Nd2 e5 14. cxd5 cxd5 15. Rac1 a6 16. Ne2 Nf6 17. dxe5 Qxe5 18. Qc7 Qxc7 19. Rxc7 Bd7 20. Rxb7 Bb5 21. Re1 Bxe2 22. Rxe2 Rac8 23. Nf1 Rc1 24. Rb6 Rfc8 25. f3 Ra1 26. Kf2 Rf8 27. Rxa6 Ng4+ 28. Kg3 exf3 29. gxf3 Ne5 30. Nd2 Nd3 31. Ra5 d4 32. Rd5 Nc1 33. Re1 dxe3 34. Nc4 e2 35. Rd2 Nxb3 36. Rxa1 Nxa1 37. Rxe2 Rc8 38. Ne3 Rc1 39. Kf2 Kf7 40. Re1 Rxe1 41. Kxe1 Kf6 42. f4 g5 43. f5 1-0

[Event "Moscow RSHSH Cup"]
[Site "Moscow"]
[Date "2018.10.25"]
[Round "9"]
[White "Geshko, Aleksey"]
[Black "Murtazin, Bulat"]
[Result "0-1"]
[WhiteElo "2177"]
[BlackElo "2401"]
[PlyCount "104"]
[EventDate "2018.10.17"]
[EventType "tourn"]
[EventRounds "9"]
[EventCountry "RUS"]
[EventCategory "1"]
[SourceTitle "CBM 187 Extra"]
[Source "ChessBase"]
[SourceDate "2018.11.04"]
[SourceVersion "1"]
[SourceVersionDate "2018.11.04"]
[SourceQuality "1"]

1. d4 Nf6 2. Nf3 e6 3. Bf4 d5 4. e3 Bd6 5. Bg3 Ne4 6. Bxd6 Qxd6 7. Nbd2 Nc6 8. Nxe4 dxe4 9. Nd2 f5 10. Bb5 0-0 11. Bxc6 bxc6 12. Nb3 f4 13. Qe2 a5 14. Nc5 e5 15. 0-0-0 Bf5 16. exf4 exf4 17. Nxe4 Qd5 18. Nc3 Qxg2 19. Rhg1 Qh3 20. Qc4+ Kh8 21. Qxc6 Qxh2 22. Nd5 Qxf2 23. Rgf1 Qg2 24. Rg1 Qh2 25. Rh1 Qe2 26. Rde1 Qf2 27. Rhf1 Qg2 28. Rg1 Qh2 29. Rh1 Qg3 30. Rhg1 Qh4 31. Qxc7 Qh6 32. Qxf4 Qc6 33. Nc3 Bxc2 34. Qg4 Bg6 35. Re6 Qc4 36. Rge1 Qd3 37. Qd1 Qg3 38. Qd2 Rac8 39. d5 Qg4 40. d6 Qf5 41. R6e4 Rfd8 42. Qd4 h6 43. a3 Rc6 44. Qe5 Qf3 45. Rh4 Kh7 46. Reh1 Rdxd6 47. R4h3 Qf2 48. R3h2 Qf7 49. Qe3 Kg8 50. Rg2 Rd3 51. Qe5 Qb3 52. Rc2 Qxc2+ 0-1

[Event "Moscow RSHSH Cup"]
[Site "Moscow"]
[Date "2018.10.23"]
[Round "7"]
[White "Geshko, Aleksey"]
[Black "Taalaibekov, Tagir"]
[Result "0-1"]
[WhiteElo "2177"]
[BlackElo "2225"]
[PlyCount "74"]
[EventDate "2018.10.17"]
[EventType "tourn"]
[EventRounds "9"]
[EventCountry "RUS"]
[EventCategory "1"]
[SourceTitle "CBM 187 Extra"]
[Source "ChessBase"]
[SourceDate "2018.11.04"]
[SourceVersion "1"]
[SourceVersionDate "2018.11.04"]
[SourceQuality "1"]

1. e4 d6 2. d4 Nf6 3. Nc3 Nbd7 4. Nf3 e5 5. Bc4 Be7 6. a4 0-0 7. 0-0 exd4 8. Nxd4 Ne5 9. Ba2 c6 10. h3 Re8 11. Re1 a5 12. Be3 Qc7 13. f4 Ng6 14. Nf3 d5 15. f5 Ne5 16. Nxe5 Qxe5 17. Bd4 Qf4 18. e5 Nh5 19. f6 Bf8 20. Re4 Qg5 21. fxg7 Bxg7 22. Qf3 Ng3 23. Nxd5 Nxe4 24. Nc7 Bf5 25. Nxe8 Rxe8 26. Rf1 Bxe5 27. Be3 Qg3 28. Bxf7+ Kf8 29. Bh6+ Ke7 30. Qxg3 Nxg3 31. Bxe8 Nxf1 32. Bxc6 bxc6 33. Kxf1 Bxc2 34. Bd2 Bc7 35. b4 axb4 36. Bxb4+ Bd6 37. Bc3 Bxa4 0-1

[Event "Moscow RSHSH Cup"]
[Site "Moscow"]
[Date "2018.10.20"]
[Round "4"]
[White "Zaika, Daniil"]
[Black "Geshko, Aleksey"]
[Result "1/2-1/2"]
[WhiteElo "2228"]
[BlackElo "2177"]
[PlyCount "55"]
[EventDate "2018.10.17"]
[EventType "tourn"]
[EventRounds "9"]
[EventCountry "RUS"]
[EventCategory "1"]
[SourceTitle "CBM 187 Extra"]
[Source "ChessBase"]
[SourceDate "2018.11.04"]
[SourceVersion "1"]
[SourceVersionDate "2018.11.04"]
[SourceQuality "1"]

1. d4 Nf6 2. c4 b6 3. Nf3 Bb7 4. e3 e6 5. Bd3 d5 6. cxd5 Nxd5 7. Nc3 Be7 8. 0-0 0-0 9. e4 Nxc3 10. bxc3 c5 11. Bb2 Ba6 12. Qe2 Qc8 13. Nd2 Bxd3 14. Qxd3 Rd8 15. Rfd1 Qb7 16. Nf1 Nc6 17. Qe2 Bf6 18. d5 exd5 19. exd5 Ne7 20. c4 Bxb2 21. Qxb2 Nf5 22. a4 Re8 23. a5 Rab8 24. axb6 axb6 25. Ra3 b5 26. cxb5 Qxb5 27. Qxb5 Rxb5 28. Ne3 1/2-1/2

[Event "Moscow RSHSH Cup"]
[Site "Moscow"]
[Date "2018.10.19"]
[Round "3"]
[White "Geshko, Aleksey"]
[Black "Shinkevich, Vitaly"]
[Result "0-1"]
[WhiteElo "2177"]
[BlackElo "2439"]
[PlyCount "58"]
[EventDate "2018.10.17"]
[EventType "tourn"]
[EventRounds "9"]
[EventCountry "RUS"]
[EventCategory "1"]
[SourceTitle "CBM 187 Extra"]
[Source "ChessBase"]
[SourceDate "2018.11.04"]
[SourceVersion "1"]
[SourceVersionDate "2018.11.04"]
[SourceQuality "1"]

1. d4 Nf6 2. Nf3 c5 3. d5 b5 4. Bg5 Qb6 5. a4 b4 6. a5 Qb7 7. Bxf6 gxf6 8. e4 Rg8 9. g3 d6 10. Bg2 Qa6 11. Nbd2 Bh6 12. Bf1 Qb7 13. Bg2 Qa6 14. Nh4 Bg5 15. Bf1 Qb7 16. Ng2 f5 17. Bd3 Nd7 18. 0-0 fxe4 19. Nxe4 Qxd5 20. Nxg5 Rxg5 21. Nf4 Qd4 22. Qf3 Rb8 23. c3 Ne5 24. Qg2 Qxf4 25. gxf4 Rxg2+ 26. Kxg2 Nxd3 27. Kf3 Nxb2 28. cxb4 Rxb4 29. Rab1 Bf5 0-1

[Event "Moscow RSHSH Cup"]
[Site "Moscow"]
[Date "2018.10.18"]
[Round "2"]
[White "Khruschiov, Alexey"]
[Black "Geshko, Aleksey"]
[Result "1-0"]
[WhiteElo "2367"]
[BlackElo "2177"]
[PlyCount "89"]
[EventDate "2018.10.17"]
[EventType "tourn"]
[EventRounds "9"]
[EventCountry "RUS"]
[EventCategory "1"]
[SourceTitle "CBM 187 Extra"]
[Source "ChessBase"]
[SourceDate "2018.11.04"]
[SourceVersion "1"]
[SourceVersionDate "2018.11.04"]
[SourceQuality "1"]

1. d4 Nf6 2. c4 e6 3. Nf3 Bb4+ 4. Nbd2 b6 5. a3 Bxd2+ 6. Qxd2 Bb7 7. e3 0-0 8. Be2 d6 9. 0-0 Nbd7 10. b4 Qe7 11. Bb2 c5 12. Rfd1 Rfd8 13. dxc5 dxc5 14. Qd6 Qxd6 15. Rxd6 Ne4 16. Rd3 Nf8 17. Rad1 Rxd3 18. Rxd3 f6 19. Nd2 Nxd2 20. Rxd2 Kf7 21. g4 Ke7 22. g5 e5 23. f4 exf4 24. exf4 Ne6 25. Bg4 Be4 26. Kf2 f5 27. Ke3 Rd8 28. Rxd8 Kxd8 29. Bd1 Kd7 30. b5 g6 31. h4 Nd8 32. h5 Nf7 33. h6 Kd6 34. a4 Ke6 35. Bc3 Nd6 36. Be2 Bc2 37. Be5 Be4 38. Bxd6 Kxd6 39. Bh5 gxh5 40. g6 h4 41. gxh7 h3 42. h8Q h2 43. Qa1 h1Q 44. Qxh1 Bxh1 45. h7 1-0

[Event "St Petersburg Korchnoi Memorial op"]
[Site "St Petersburg"]
[Date "2018.08.20"]
[Round "6"]
[White "Geshko, Aleksey"]
[Black "Razumovskiy, Mikhail"]
[Result "1-0"]
[WhiteElo "2172"]
[BlackElo "1910"]
[PlyCount "89"]
[EventDate "2018.08.15"]
[EventType "swiss"]
[EventRounds "9"]
[EventCountry "RUS"]
[SourceTitle "CBM 186 Extra"]
[Source "ChessBase"]
[SourceDate "2018.08.24"]
[SourceVersion "1"]
[SourceVersionDate "2018.08.24"]
[SourceQuality "1"]

1. e4 c5 2. Nf3 d6 3. d4 cxd4 4. Nxd4 Nf6 5. Nc3 Nc6 6. Bg5 e6 7. Qd2 a6 8. 0-0-0 h6 9. Bf4 Bd7 10. Nxc6 Bxc6 11. f3 d5 12. exd5 Nxd5 13. Nxd5 Qxd5 14. Qxd5 Bxd5 15. a4 g5 16. Be5 Rg8 17. Bd3 Bg7 18. Rhe1 Bxe5 19. Rxe5 0-0-0 20. Be4 Bxe4 21. Rxe4 Rxd1+ 22. Kxd1 Rd8+ 23. Ke2 Rd6 24. c3 Kd7 25. b4 f5 26. Re3 b5 27. axb5 axb5 28. Re5 Rd5 29. Rxd5+ exd5 30. g3 Ke6 31. Ke3 h5 32. Kd4 Kd6 33. h3 g4 34. fxg4 fxg4 35. h4 Ke6 36. Kc5 Ke5 37. Kxb5 Ke4 38. Kc5 Kf3 39. b5 Kxg3 40. b6 Kxh4 41. b7 g3 42. b8Q Kh3 43. Qc8+ Kh2 44. Qh8 g2 45. Qxh5+ 1-0

[Event "St Petersburg Korchnoi Memorial op"]
[Site "St Petersburg"]
[Date "2018.08.19"]
[Round "5"]
[White "Voskresenskaya, Marta"]
[Black "Geshko, Aleksey"]
[Result "0-1"]
[WhiteElo "1963"]
[BlackElo "2172"]
[PlyCount "104"]
[EventDate "2018.08.15"]
[EventType "swiss"]
[EventRounds "9"]
[EventCountry "RUS"]
[SourceTitle "CBM 186 Extra"]
[Source "ChessBase"]
[SourceDate "2018.08.24"]
[SourceVersion "1"]
[SourceVersionDate "2018.08.24"]
[SourceQuality "1"]

1. d4 Nf6 2. Nf3 e6 3. c4 Bb4+ 4. Bd2 c5 5. g3 Qb6 6. e3 d5 7. Bxb4 Qxb4+ 8. Qd2 Nc6 9. a3 Qxd2+ 10. Nbxd2 cxd4 11. exd4 dxc4 12. Nxc4 0-0 13. Bg2 Rd8 14. Rd1 Nd5 15. 0-0 b6 16. Ne3 Nce7 17. Rc1 Bb7 18. Ne5 Rac8 19. Rfd1 f6 20. N5c4 Nxe3 21. fxe3 Bxg2 22. Kxg2 e5 23. b3 exd4 24. exd4 Nf5 25. a4 Rxd4 26. Re1 Rcd8 27. Rc2 h5 28. Rf2 g6 29. Rf3 Kf7 30. Ref1 Re8 31. R1f2 Re6 32. Kh3 Nh6 33. Rc2 g5 34. Kg2 h4 35. gxh4 Rxh4 36. h3 Kg6 37. Ne3 Rhe4 38. Nd5 Nf5 39. Rff2 R6e5 40. Rcd2 Re1 41. Nb4 Ne3+ 42. Kf3 Rf5+ 43. Kg3 Nf1+ 44. Kg2 Nxd2 45. Rxd2 Rfe5 46. Kf2 Re6 47. Nc2 Rh1 48. Kg2 Rb1 49. Nd4 Rd6 50. Rd3 Re1 51. Kf3 f5 52. Rd2 Re4 0-1

[Event "St Petersburg Korchnoi Memorial op"]
[Site "St Petersburg"]
[Date "2018.08.16"]
[Round "2"]
[White "Geshko, Aleksey"]
[Black "Zakhartsov, Vladimir"]
[Result "1/2-1/2"]
[WhiteElo "2172"]
[BlackElo "2490"]
[PlyCount "58"]
[EventDate "2018.08.15"]
[EventType "swiss"]
[EventRounds "9"]
[EventCountry "RUS"]
[SourceTitle "CBM 186 Extra"]
[Source "ChessBase"]
[SourceDate "2018.08.24"]
[SourceVersion "1"]
[SourceVersionDate "2018.08.24"]
[SourceQuality "1"]

1. d4 Nf6 2. Nf3 d6 3. Nc3 g6 4. e4 Bg7 5. Bc4 c6 6. a4 0-0 7. Bb3 Qc7 8. 0-0 e5 9. h3 Nbd7 10. Be3 exd4 11. Bxd4 Re8 12. Re1 Nf8 13. e5 dxe5 14. Bxe5 Qd7 15. Ng5 Ne6 16. Nxe6 Qxd1 17. Raxd1 Bxe6 18. Bxf6 Bxf6 19. Bxe6 Rxe6 20. Rxe6 fxe6 21. Ne4 Bxb2 22. c3 b5 23. axb5 cxb5 24. Rd7 h6 25. Nf6+ Kf8 26. Nh7+ Kg8 27. Nf6+ Kf8 28. Nh7+ Ke8 29. Nf6+ Kf8 1/2-1/2

[Event "Voronezh op-A 22nd"]
[Site "Voronezh"]
[Date "2018.06.13"]
[Round "2"]
[White "Khanin, Semen"]
[Black "Geshko, Aleksey"]
[Result "1-0"]
[WhiteElo "2485"]
[BlackElo "2213"]
[PlyCount "69"]
[EventDate "2018.06.12"]
[EventType "swiss"]
[EventRounds "9"]
[EventCountry "RUS"]
[SourceTitle "CBM 185 Extra"]
[Source "ChessBase"]
[SourceDate "2018.07.29"]
[SourceVersion "1"]
[SourceVersionDate "2018.07.29"]
[SourceQuality "1"]

1. e4 c6 2. d4 d5 3. e5 Bf5 4. Nf3 e6 5. Be2 c5 6. Be3 Nd7 7. 0-0 Rc8 8. c4 Ne7 9. Nc3 dxc4 10. d5 exd5 11. Nxd5 Be4 12. Bxc4 Bxf3 13. Qxf3 Nxe5 14. Bb5+ Rc6 15. Bxc6+ bxc6 16. Qg3 Qxd5 17. Rad1 Qe6 18. Bxc5 Nf5 19. Qa3 Bxc5 20. Qxc5 Qe7 21. Qc3 0-0 22. Rfe1 f6 23. f4 Re8 24. fxe5 fxe5 25. Qxc6 g6 26. Re4 Rd8 27. Rxd8+ Qxd8 28. Qe6+ Kf8 29. Qxe5 Qb6+ 30. Kh1 Qa6 31. Qh8+ Kf7 32. Qxh7+ Kf6 33. Qh8+ Kf7 34. Qe8+ Kf6 35. Qf8+ 1-0

[Event "Moscow RSHSH Cup"]
[Site "Moscow"]
[Date "2018.05.23"]
[Round "5"]
[White "Geshko, Aleksey"]
[Black "Reprintsev, Alexander"]
[Result "1/2-1/2"]
[WhiteElo "2213"]
[BlackElo "2374"]
[PlyCount "80"]
[EventDate "2018.05.19"]
[EventType "tourn"]
[EventRounds "9"]
[EventCountry "RUS"]
[EventCategory "1"]
[SourceTitle "EXT 2019"]
[Source "ChessBase"]
[SourceDate "2018.10.10"]
[SourceVersion "1"]
[SourceVersionDate "2018.10.10"]
[SourceQuality "1"]

1. e4 e5 2. Nf3 Nc6 3. Bb5 Bc5 4. c3 f5 5. d4 fxe4 6. Bxc6 dxc6 7. Nxe5 Bd6 8. Qh5+ g6 9. Qe2 Bf5 10. Bf4 Nf6 11. Nd2 Qe7 12. Ndc4 0-0-0 13. 0-0 Qe6 14. Bg5 Rde8 15. Bxf6 Qxf6 16. f3 exf3 17. Qxf3 h5 18. Nxg6 Qxg6 19. Qxf5+ Qxf5 20. Rxf5 Re2 21. Raf1 Be7 22. Re5 Rxe5 23. Nxe5 Rh6 24. Rf5 c5 25. d5 Rh7 26. c4 Bd6 27. Nf3 a6 28. b3 b5 29. a4 Kb7 30. a5 Re7 31. Kf2 bxc4 32. bxc4 Re4 33. Nd2 Rd4 34. Ke3 h4 35. g3 hxg3 36. hxg3 Bxg3 37. Ne4 Bd6 38. Nxd6+ cxd6 39. Rf4 Rd1 40. Rf7+ Kc8 1/2-1/2

[Event "Moscow Aeroflot op-B 17th"]
[Site "Moscow"]
[Date "2018.02.27"]
[Round "8"]
[White "Geshko, Aleksey"]
[Black "Aditya, Mittal"]
[Result "1-0"]
[WhiteElo "2260"]
[BlackElo "2206"]
[PlyCount "89"]
[EventDate "2018.02.20"]
[EventType "swiss"]
[EventRounds "9"]
[EventCountry "RUS"]
[SourceTitle "CBM 183 Extra"]
[Source "ChessBase"]
[SourceDate "2018.04.19"]
[SourceVersion "1"]
[SourceVersionDate "2018.04.19"]
[SourceQuality "1"]

1. e4 c5 2. Nf3 d6 3. d4 cxd4 4. Nxd4 Nf6 5. Nc3 a6 6. h3 e6 7. g4 Nfd7 8. Bg2 Be7 9. 0-0 Nc6 10. Be3 Nde5 11. f4 Nc4 12. Bf2 Nxb2 13. Qe2 Qa5 14. Nd5 exd5 15. exd5 Nd8 16. Rae1 Qc7 17. Bh4 f6 18. g5 Kf7 19. f5 Rf8 20. g6+ hxg6 21. fxg6+ Ke8 22. Bxf6 gxf6 23. g7 Rg8 24. Qh5+ Nf7 25. Qh7 Rxg7 26. Qxg7 Ne5 27. Kh1 Qd8 28. Be4 Qa5 29. Qg8+ Kd7 30. Nf5 Qd8 31. Qe6+ Kc7 32. Qxe7+ Qxe7 33. Nxe7 Bxh3 34. Rxf6 Re8 35. Nf5 Nf3 36. Rf7+ Kb6 37. Nxd6 Bg2+ 38. Kxg2 Nxe1+ 39. Kf1 Ra8 40. Rxb7+ Kc5 41. Rxb2 Kxd6 42. Kxe1 Re8 43. Rb4 Kc5 44. c3 a5 45. Rd4 1-0

[Event "Moscow Aeroflot op-B 17th"]
[Site "Moscow"]
[Date "2018.02.25"]
[Round "6"]
[White "Geshko, Aleksey"]
[Black "Nigmatov, Ortik"]
[Result "1/2-1/2"]
[WhiteElo "2260"]
[BlackElo "2361"]
[PlyCount "88"]
[EventDate "2018.02.20"]
[EventType "swiss"]
[EventRounds "9"]
[EventCountry "RUS"]
[SourceTitle "CBM 183 Extra"]
[Source "ChessBase"]
[SourceDate "2018.04.19"]
[SourceVersion "1"]
[SourceVersionDate "2018.04.19"]
[SourceQuality "1"]

1. e4 c5 2. Nf3 Nc6 3. d4 cxd4 4. Nxd4 g6 5. c4 Bg7 6. Be3 Nf6 7. Nc3 d6 8. Be2 0-0 9. 0-0 Bd7 10. Rc1 Nxd4 11. Bxd4 Bc6 12. Bd3 Nd7 13. Bxg7 Kxg7 14. Kh1 a5 15. b3 Qb6 16. f4 a4 17. Bc2 axb3 18. axb3 Ra5 19. Rf3 Kg8 20. Qd2 Nf6 21. Nd5 Bxd5 22. exd5 Ra2 23. f5 Rfa8 24. fxg6 hxg6 25. Rcf1 Qa5 26. Qh6 Rxc2 27. Rh3 Nh5 28. Rxh5 gxh5 29. Qg5+ Kf8 30. Qf5 f6 31. Qxc2 Qa1 32. Rg1 Qe5 33. Qh7 Ra2 34. Qh8+ Kf7 35. Qh7+ Ke8 36. Qg8+ Kd7 37. Qb8 f5 38. Qxb7+ Ke8 39. Qc8+ Kf7 40. Rf1 Kg7 41. h3 Qe2 42. Kg1 Qe4 43. Qe8 h4 44. Qh5 Re2 1/2-1/2

[Event "Moscow Aeroflot op-B 17th"]
[Site "Moscow"]
[Date "2018.02.24"]
[Round "5"]
[White "Sviridov, Valery"]
[Black "Geshko, Aleksey"]
[Result "1-0"]
[WhiteElo "2515"]
[BlackElo "2260"]
[PlyCount "65"]
[EventDate "2018.02.20"]
[EventType "swiss"]
[EventRounds "9"]
[EventCountry "RUS"]
[SourceTitle "CBM 183 Extra"]
[Source "ChessBase"]
[SourceDate "2018.04.19"]
[SourceVersion "1"]
[SourceVersionDate "2018.04.19"]
[SourceQuality "1"]

1. b3 c5 2. Bb2 Nc6 3. e3 Nf6 4. c4 e5 5. d3 d5 6. cxd5 Nxd5 7. a3 Bd6 8. Nf3 0-0 9. Nbd2 Qe7 10. Be2 b6 11. 0-0 Bb7 12. Re1 Rae8 13. Bf1 Kh8 14. g3 f5 15. Bg2 Nf6 16. Rc1 e4 17. Nh4 Qe6 18. Bh3 Ne7 19. dxe4 Nxe4 20. Nxe4 Bxe4 21. f3 Rd8 22. fxe4 Bxg3 23. hxg3 Rxd1 24. Rcxd1 Qxe4 25. Rd7 f4 26. gxf4 Rxf4 27. Bg2 Rg4 28. Rd2 h5 29. Kf2 Qe6 30. Nf3 Nf5 31. Bh3 Ng3 32. Rd8+ Kh7 33. Ng5+ 1-0